Gaming Quiz

Random Gaming or Board Games Quiz

Ouija Board Quiz Stats

 Plays Quiz not verified by Sporcle

Score 0/8 Timer 00:45
0 Plays Today
% Correct
H
97.8%
G
97.7%
O
97.3%
2
96.9%
1
96.5%
S
96.1%
T
96%
3
91.9%

You're not logged in!

Compare scores with friends on all Sporcle quizzes.
OR
Log In

You Might Also Like...

Show Comments

Extras

Created Jul 22, 2018Curator PickedSourceReportNominateIcon Source: http://theplanchette.co.u...
Tags:Board Games Quiz, Deadly Game, ghost, spirit

Top Quizzes Today


Score Distribution

Your Account Isn't Verified!

In order to create a playlist on Sporcle, you need to verify the email address you used during registration. Go to your Sporcle Settings to finish the process.

Report this User

Report this user for behavior that violates our Community Guidelines.

Details: